00186nam a22000977a 4500003000400000082001300004100002200017245002000039260002100059300000800080SGT a698bKEL aKELVIN, Mc CLOUDS aDECORATING BOOK bDK. LONDONc1990 a352